Babylon or Jerusalem? / (Record no. 10291)
[ view plain ]
| 000 -LEADER | |
|---|---|
| fixed length control field | 00634nam a22002297a 4500 |
| 001 - CONTROL NUMBER | |
| control field | 4910316 |
| 003 - CONTROL NUMBER IDENTIFIER | |
| control field | OSt |
| 005 - DATE AND TIME OF LATEST TRANSACTION | |
| control field | 20210222113011.0 |
| 008 - FIXED-LENGTH DATA ELEMENTS--GENERAL INFORMATION | |
| fixed length control field | 940110s1993 pau 000 0 eng |
| 010 ## - LIBRARY OF CONGRESS CONTROL NUMBER | |
| LC control number | 94103682 |
| 020 ## - INTERNATIONAL STANDARD BOOK NUMBER | |
| International Standard Book Number | 1560431148 |
| 040 ## - CATALOGING SOURCE | |
| Original cataloging agency | DLC |
| Transcribing agency | DLC |
| 050 00 - LIBRARY OF CONGRESS CALL NUMBER | |
| Classification number | MLCS 95/10043 (B) |
| Item number | H695B |
| 082 ## - DEWEY DECIMAL CLASSIFICATION NUMBER | |
| Item number | H695B |
| 100 1# - MAIN ENTRY--PERSONAL NAME | |
| Personal name | Hoeven, Jan Willem van der. |
| 245 10 - TITLE STATEMENT | |
| Title | Babylon or Jerusalem? / |
| Statement of responsibility, etc. | by Jan Willem van der Hoeven. |
| 260 ## - PUBLICATION, DISTRIBUTION, ETC. | |
| Place of publication, distribution, etc. | Shippensburg, PA : |
| Name of publisher, distributor, etc. | Destiny Image, |
| Date of publication, distribution, etc. | c1993 |
| 300 ## - PHYSICAL DESCRIPTION | |
| Extent | 187 p. ; |
| Dimensions | 21 cm. |
| 906 ## - LOCAL DATA ELEMENT F, LDF (RLIN) | |
| a | 7 |
| b | cbc |
| c | orignew |
| d | u |
| e | ncip |
| f | 19 |
| g | y-gencatlg |
| 942 ## - ADDED ENTRY ELEMENTS (KOHA) | |
| Source of classification or shelving scheme | Dewey Decimal Classification |
| Koha item type | Books |
| Withdrawn status | Lost status | Source of classification or shelving scheme | Damaged status | Not for loan | Collection code | Home library | Current library | Shelving location | Date acquired | Total Checkouts | Full call number | Barcode | Date last seen | Price effective from | Koha item type |
|---|---|---|---|---|---|---|---|---|---|---|---|---|---|---|---|
| Dewey Decimal Classification | Non-fiction | Harvest Mission College | Harvest Mission College | General Stacks | 22.02.2021 | 263.9 H695B | 011901 | 22.02.2021 | 22.02.2021 | Books |
